Questions in parliament (Record no. 1339335)

MARC details
000 -LEADER
fixed length control field 00510nam a2200193Ia 4500
005 - DATE AND TIME OF LATEST TRANSACTION
control field 20250508152856.0
008 - FIXED-LENGTH DATA ELEMENTS--GENERAL INFORMATION
fixed length control field 008 250505s9999 xx 000 0 eng d
037 ## - SOURCE OF ACQUISITION
Stock number Textual
040 ## - CATALOGING SOURCE
Original cataloging agency FEDL
Language of cataloging eng
Transcribing agency FEDL
041 ## - LANGUAGE CODE
Language code of text/sound track or separate title eng
Source of code eng
084 ## - COLON CLASSIFICATION NUMBER
Classification number 328, CHE
Assigning agency FEDL
100 ## - MAIN ENTRY--PERSONAL NAME
Personal name Chester D. N.
245 #0 - TITLE STATEMENT
Title Questions in parliament
260 ## - PUBLICATION, DISTRIBUTION, ETC.
Place of publication, distribution, etc. Oxford, UK
Name of publisher, distributor, etc. Clarendon Press
Date of publication, distribution, etc. 1962
300 ## - PHYSICAL DESCRIPTION
Extent 335p
700 ## - ADDED ENTRY--PERSONAL NAME
Personal name Bowring Nona
9 (RLIN) 762626
942 ## - ADDED ENTRY ELEMENTS (KOHA)
Koha item type Textual
Classification part 328, CHE
Holdings
Withdrawn status Lost status Damaged status Not for loan Home library Current library Date acquired Total Checkouts Full call number Barcode Date last seen Price effective from Koha item type
        Department of Education Library Department of Education Library 2025-05-08   328, CHE EL0021742 2025-05-08 2025-05-08 Textual
Copyright @ Delhi University Library System